Closest Genetic Populations to the Azerbaijani - Statistics

General Stats
  • This quiz has been taken 27 times
  • The average score is 4 of 12
Answer Stats
Genetic Distance Ethnicity % Correct
1.723 Turkish
92%
2.486 Persian
88%
2.490 Kurdish
68%
2.881 Talysh
32%
4.296 Circassian
28%
3.176 Lur
16%
4.473 Balkar
12%
3.892 Kumyk
12%
4.179 Karachay
8%
3.284 Yazidi
8%
4.269 Kabardian
4%
4.372 Abazin
0%
No matching quizzes found
Score Distribution
Percent of People with Each Score
Percentile by Number Answered
Your Score History
You have not taken this quiz